|
|
|
|
| LEADER |
00848cam a2200229 7i4500 |
| 001 |
0000012660 |
| 005 |
20151104090000.0 |
| 005 |
##20151104113600.0 |
| 003 |
##MY-KlINT |
| 020 |
# |
# |
|a 9789833698776
|
| 039 |
# |
9 |
|y 201511041136
|z VLOAD
|
| 090 |
0 |
0 |
|a 935
|b ALI
|
| 100 |
1 |
# |
|a Velayati, Ali Akbar,
|d 1945-
|
| 245 |
1 |
0 |
|a The encyclopedia of Islam and Iran :
|b dynamics of culture and the living civilization /
|c Ali Akbar Velayati ; translated from Arabic by Syed Ali Tawfik.
|
| 260 |
# |
# |
|a Petaling Jaya:
|b MPH Group Pub,
|c 2008.
|
| 300 |
# |
# |
|a xx, 328p;
|c 25cm.
|
| 500 |
# |
# |
|a Includes bibliographical reference and index
|
| 650 |
# |
0 |
|a Civilization, Islamic --
|x Encyclopedias
|
| 650 |
# |
0 |
|a Islam --
|x History --
|x Encyclopedias --
|z Iran
|
| 700 |
0 |
# |
|a Mesut Idriz
|
| 700 |
0 |
# |
|a Al-Attas, Syed Ali Tawfik
|
| 999 |
|
|
|a 0000066261
|b BOOK
|c Main Non-Fiction
|e INTAN BK
|